[Event "Chigorin Memorial 27th"]
[Site "St Petersburg"]
[Date "2019.10.12"]
[Round "8"]
[White "Akhmedov, David"]
[Black "Sokolov, Nikita Dm"]
[Result "1-0"]
[WhiteElo "1785"]
[BlackElo "2022"]
[PlyCount "51"]
[EventDate "2019.10.05"]
[EventType "swiss"]
[EventRounds "9"]
[EventCountry "RUS"]
[SourceTitle "EXT 2021"]
[Source "ChessBase"]
[SourceDate "2020.10.23"]
[SourceVersion "1"]
[SourceVersionDate "2020.10.23"]
[SourceQuality "1"]

1. e4 c5 2. Nf3 d6 3. g3 Nf6 4. d3 g6 5. Bg2 Nc6 6. 0-0 Bg7 7. Re1 0-0 8. c3 e5 9. a3 Rb8 10. h3 d5 11. exd5 Nxd5 12. Nbd2 Re8 13. Ne4 b6 14. Nfd2 Bf5 15. Nc4 Bxe4 16. dxe4 Nc7 17. Be3 b5 18. Nd6 Re6 19. Bxc5 Na6 20. b4 Bf8 21. a4 Bxd6 22. axb5 Nxc5 23. bxc5 Bxc5 24. bxc6 Rd6 25. Qe2 Rd2 26. c7 1-0

[Event "Chigorin Memorial 27th"]
[Site "St Petersburg"]
[Date "2019.10.11"]
[Round "7"]
[White "Sokolov, Nikita Dm"]
[Black "Abdisalimov, Abdimalik"]
[Result "0-1"]
[WhiteElo "2022"]
[BlackElo "2409"]
[PlyCount "42"]
[EventDate "2019.10.05"]
[EventType "swiss"]
[EventRounds "9"]
[EventCountry "RUS"]
[SourceTitle "EXT 2021"]
[Source "ChessBase"]
[SourceDate "2020.10.23"]
[SourceVersion "1"]
[SourceVersionDate "2020.10.23"]
[SourceQuality "1"]

1. e4 c5 2. Nf3 d6 3. d4 cxd4 4. Qxd4 a6 5. c4 Nc6 6. Qd3 g6 7. Bd2 Bg7 8. Bc3 Nf6 9. e5 dxe5 10. Qxd8+ Nxd8 11. Bxe5 Nc6 12. Bc3 Bf5 13. Nbd2 0-0-0 14. Be2 e5 15. 0-0 Rhe8 16. Rfe1 Bh6 17. Bd1 Re6 18. Bb3 Rd3 19. c5 Rxc3 20. Bxe6+ fxe6 21. bxc3 e4 0-1

[Event "Chigorin Memorial 27th"]
[Site "St Petersburg"]
[Date "2019.10.08"]
[Round "4"]
[White "Lekhtonen, Yaroslav"]
[Black "Sokolov, Nikita Dm"]
[Result "0-1"]
[WhiteElo "1716"]
[BlackElo "2022"]
[PlyCount "142"]
[EventDate "2019.10.05"]
[EventType "swiss"]
[EventRounds "9"]
[EventCountry "RUS"]
[SourceTitle "EXT 2020"]
[Source "ChessBase"]
[SourceDate "2019.10.17"]
[SourceVersion "1"]
[SourceVersionDate "2019.10.17"]
[SourceQuality "1"]

1. e4 c5 2. Nf3 d6 3. d4 cxd4 4. Nxd4 Nf6 5. Nc3 a6 6. Be3 e5 7. Nb3 Be6 8. f3 Be7 9. Qd2 0-0 10. 0-0-0 Nbd7 11. g4 b5 12. g5 b4 13. Ne2 Ne8 14. f4 a5 15. f5 a4 16. Nbd4 exd4 17. Nxd4 b3 18. Kb1 bxc2+ 19. Nxc2 Bb3 20. axb3 axb3 21. Na3 Ra4 22. Qg2 Qa8 23. h4 d5 24. Bb5 Rxe4 25. Bxd7 Rxe3 26. Qxd5 Qa7 27. Qd4 Bc5 28. Qa4 Qxa4 29. Bxa4 Nd6 30. Rd5 Bxa3 31. bxa3 Nc4 32. Rc1 Nb6 33. Rd4 Nxa4 34. Rxa4 Rf3 35. Rb4 Rxf5 36. Rxb3 g6 37. Rb4 Ra8 38. Kb2 Rf2+ 39. Kb3 Rf3+ 40. Rc3 Rxc3+ 41. Kxc3 Rxa3+ 42. Kd4 Ra5 43. Ke4 Rf5 44. Rb1 Kg7 45. Rb2 Rf1 46. Rb4 h6 47. Ke3 hxg5 48. hxg5 Rf5 49. Rg4 Kf8 50. Ke4 Ke7 51. Ke3 Ke6 52. Ke4 Ra5 53. Rg1 Ra4+ 54. Kd3 Kf5 55. Ke3 Ra3+ 56. Kd2 Kf4 57. Rf1+ Rf3 58. Rg1 Ke4 59. Ke2 Ra3 60. Rg4+ Kf5 61. Rg1 Ra4 62. Ke3 Re4+ 63. Kd3 Re6 64. Kd2 Kf4 65. Kd3 Re5 66. Kd4 Re8 67. Kd3 Kf5 68. Kd4 Re7 69. Kd3 Kf4 70. Kd2 Re5 71. Kd3 Rxg5 0-1

[Event "Kolomna rapid op"]
[Site "Kolomna"]
[Date "2018.02.17"]
[Round "8"]
[White "Sokolov, Nikita Dm"]
[Black "Paravyan, David"]
[Result "0-1"]
[WhiteElo "2124"]
[BlackElo "2603"]
[PlyCount "88"]
[EventDate "2018.02.16"]
[EventType "swiss (rapid)"]
[EventRounds "11"]
[EventCountry "RUS"]
[SourceTitle "CBM 183 Extra"]
[Source "ChessBase"]
[SourceDate "2018.04.19"]
[SourceVersion "1"]
[SourceVersionDate "2018.04.19"]
[SourceQuality "1"]

1. d4 f5 2. c4 Nf6 3. Nc3 e6 4. Nf3 b6 5. g3 Bb4 6. Bd2 Bb7 7. Bg2 0-0 8. 0-0 a5 9. a3 Bxc3 10. Bxc3 Ne4 11. Qc2 Nxc3 12. Qxc3 d6 13. b4 Nd7 14. c5 Be4 15. Nd2 Bxg2 16. Kxg2 Nf6 17. cxb6 cxb6 18. bxa5 bxa5 19. Rfc1 Nd5 20. Qc6 Ra7 21. Nc4 Rd7 22. Nxa5 f4 23. Nb7 Qe7 24. Rab1 h5 25. f3 fxg3 26. hxg3 h4 27. e4 Ne3+ 28. Kf2 Qg5 29. Qxd7 Qxg3+ 30. Ke2 Qxf3+ 31. Kd3 Nf5+ 32. Kc4 Qxe4 33. Re1 Qd5+ 34. Kc3 Qxd4+ 35. Kb3 Qd5+ 36. Kc3 Qd4+ 37. Kb3 Qd5+ 38. Kc3 Qf3+ 39. Kb2 Nd4 40. Na5 Rb8+ 41. Ka2 Qf2+ 42. Ka1 Nc2+ 43. Ka2 Nb4+ 44. Kb3 Qc2# 0-1

[Event "Kolomna op"]
[Site "Kolomna"]
[Date "2016.10.07"]
[Round "5.9"]
[White "Protopopova, Anastasiya"]
[Black "Sokolov, Nikita Dm"]
[Result "1/2-1/2"]
[WhiteElo "2082"]
[BlackElo "2103"]
[PlyCount "81"]
[EventDate "2016.10.05"]
[EventType "swiss"]
[EventRounds "9"]
[EventCountry "RUS"]
[SourceTitle "EXT 2018"]
[Source "ChessBase"]
[SourceDate "2017.10.13"]
[SourceVersion "1"]
[SourceVersionDate "2017.10.13"]
[SourceQuality "1"]

1. d4 Nf6 2. c4 g6 3. Nc3 d5 4. Bf4 Bg7 5. e3 c5 6. dxc5 Qa5 7. Rc1 Ne4 8. cxd5 Nxc3 9. Qd2 Qxa2 10. bxc3 Qa5 11. e4 Nd7 12. c4 Qxd2+ 13. Kxd2 Nxc5 14. Ke3 a5 15. e5 Bf5 16. Rc3 g5 17. Bg3 Ne4 18. Ra3 Nxg3 19. hxg3 Bxe5 20. Nf3 Bd6 21. Ra2 Bc5+ 22. Kd2 Bxf2 23. Bd3 Bxd3 24. Kxd3 Bxg3 25. Nxg5 Bf4 26. Ne4 b6 27. Rb1 Bc7 28. Nc3 Rg8 29. Nb5 Kd7 30. Re2 Rg3+ 31. Kc2 Bd8 32. Rh1 Rc8 33. Rh4 h5 34. Na7 Rc5 35. Nc6 b5 36. Ne5+ Kc8 37. Nxf7 Rc7 38. Rhe4 bxc4 39. d6 Kd7 40. dxe7 Bxe7 41. Ne5+ 1/2-1/2

[Event "RUS-chT U14"]
[Site "Sochi"]
[Date "2016.05.07"]
[Round "6.1"]
[White "Sokolov, Nikita Dm"]
[Black "Tsoi, Dmitry"]
[Result "1/2-1/2"]
[WhiteElo "2126"]
[BlackElo "2127"]
[PlyCount "89"]
[EventDate "2016.05.01"]
[EventType "team-tourn"]
[EventRounds "9"]
[EventCountry "RUS"]
[SourceTitle "EXT 2018"]
[Source "ChessBase"]
[SourceDate "2017.10.13"]
[SourceVersion "1"]
[SourceVersionDate "2017.10.13"]
[SourceQuality "1"]

1. d4 Nf6 2. c4 e6 3. Nc3 Bb4 4. Qc2 0-0 5. Bg5 h6 6. Bh4 d5 7. a3 Bxc3+ 8. Qxc3 Nbd7 9. e3 c6 10. f3 Re8 11. Bd3 Qc7 12. Ne2 e5 13. Bg3 exd4 14. exd4 Qd8 15. c5 Nh5 16. 0-0 Nxg3 17. Nxg3 Nf8 18. Rfe1 Rxe1+ 19. Rxe1 Bd7 20. Re5 b6 21. b4 a5 22. Bc2 axb4 23. axb4 bxc5 24. bxc5 Qa5 25. Qxa5 Rxa5 26. Bf5 Be6 27. Kf2 g6 28. Bd3 Ra4 29. Ne2 Kg7 30. Re3 Bc8 31. Re8 Bd7 32. Rd8 f5 33. Ke3 Kf7 34. g3 Ke7 35. Rb8 Ra3 36. Rb6 g5 37. Ra6 Rb3 38. Rb6 Ra3 39. Ra6 Rxa6 40. Bxa6 Ne6 41. f4 g4 42. Nc1 Be8 43. Nd3 Kd8 44. Ne5 Kc7 45. Bd3 1/2-1/2

[Event "RUS-chT U14"]
[Site "Sochi"]
[Date "2016.05.02"]
[Round "2.3"]
[White "Sokolov, Nikita Dm"]
[Black "Golikov, Daniil"]
[Result "1-0"]
[WhiteElo "2126"]
[BlackElo "2152"]
[PlyCount "57"]
[EventDate "2016.05.01"]
[EventType "team-tourn"]
[EventRounds "9"]
[EventCountry "RUS"]
[SourceTitle "EXT 2018"]
[Source "ChessBase"]
[SourceDate "2017.10.13"]
[SourceVersion "1"]
[SourceVersionDate "2017.10.13"]
[SourceQuality "1"]

1. d4 d5 2. c4 c6 3. Nc3 Nf6 4. e3 e6 5. Nf3 Nbd7 6. Bd3 dxc4 7. Bxc4 b5 8. Bd3 a6 9. e4 c5 10. e5 cxd4 11. Ne2 Nd5 12. Nexd4 Nc5 13. Be2 Bb7 14. Bg5 Be7 15. Bxe7 Qxe7 16. 0-0 0-0 17. Qd2 h6 18. Rfd1 Rac8 19. Rac1 Rc7 20. g3 f6 21. Bf1 fxe5 22. Nxe5 Ne4 23. Qe2 Rxc1 24. Rxc1 Qg5 25. Qxe4 Qxc1 26. Nxe6 Rf6 27. Ng4 Rf7 28. Qg6 Ne7 29. Nf6+ 1-0

[Event "Moscow Region-ch"]
[Site "Kolomna"]
[Date "2015.10.21"]
[Round "8"]
[White "Doronin, Andrey"]
[Black "Sokolov, Nikita Dm"]
[Result "0-1"]
[WhiteElo "1933"]
[BlackElo "1989"]
[PlyCount "154"]
[EventDate "2015.10.16"]
[EventType "swiss"]
[EventRounds "9"]
[EventCountry "RUS"]
[SourceTitle "CBM 169 Extra"]
[Source "ChessBase"]
[SourceDate "2015.12.18"]
[SourceVersion "1"]
[SourceVersionDate "2015.12.18"]
[SourceQuality "1"]

1. c4 Nf6 2. g3 g6 3. Bg2 Bg7 4. Nc3 0-0 5. Nf3 d5 6. cxd5 Nxd5 7. 0-0 e5 8. Qb3 Nb6 9. d3 Be6 10. Qc2 Nc6 11. Be3 Nd4 12. Bxd4 exd4 13. Ne4 Bd5 14. Nc5 Nd7 15. b4 Re8 16. Rab1 Nxc5 17. bxc5 Qd7 18. Rb4 a5 19. Rb2 Ra6 20. Rfb1 h6 21. Ne1 Rae6 22. Bf1 Rf6 23. Ng2 g5 24. Qd2 Qa4 25. e4 dxe3 26. Nxe3 Bf3 27. d4 Rd8 28. d5 Be4 29. Rc1 Rf3 30. Bb5 Qd4 31. Qxd4 Bxd4 32. Rd2 Bxe3 33. fxe3 Rxd5 34. Re2 Bd3 35. Bxd3 Rxd3 36. Rb2 Rfxe3 37. Rxb7 Rd2 38. a4 Ree2 39. Rb5 Rg2+ 40. Kh1 Rxh2+ 41. Kg1 Rhg2+ 42. Kh1 Rxg3 43. Rxa5 Rd4 44. Kh2 Ra3 45. Ra7 Rdxa4 46. Rxc7 Ra1 47. Rc8+ Kg7 48. Rxa1 Rxa1 49. c6 Rc1 50. Kg3 Rc4 51. Kf3 h5 52. Ke3 h4 53. c7 h3 54. Kf3 g4+ 55. Kg3 Rc3+ 56. Kh2 Rc2+ 57. Kg3 h2 58. Re8 h1Q 59. c8Q Rxc8 60. Rxc8 Qh3+ 61. Kf4 Qf3+ 62. Ke5 g3 63. Rc5 Qe3+ 64. Kd6 Qxc5+ 65. Kxc5 g2 66. Kd5 g1Q 67. Kd6 Kf6 68. Kd5 Qe3 69. Kc4 Ke5 70. Kb5 Qc3 71. Kb6 Qc4 72. Kb7 Qc5 73. Kb8 Qc6 74. Ka7 Qb5 75. Ka8 Kd6 76. Ka7 Kc7 77. Ka8 Qb7# 0-1

[Event "RUS-chT U14"]
[Site "Sochi"]
[Date "2015.05.04"]
[Round "4.3"]
[White "Ivanov, Ilya1111"]
[Black "Sokolov, Nikita Dm"]
[Result "0-1"]
[WhiteElo "1537"]
[BlackElo "1983"]
[PlyCount "102"]
[EventDate "2015.05.01"]
[EventType "team-swiss"]
[EventRounds "7"]
[EventCountry "RUS"]
[SourceTitle "EXT 2018"]
[Source "ChessBase"]
[SourceDate "2017.10.13"]
[SourceVersion "1"]
[SourceVersionDate "2017.10.13"]
[SourceQuality "1"]

1. d4 Nf6 2. c4 g6 3. Nc3 d5 4. Bf4 Bg7 5. e3 c6 6. h3 0-0 7. c5 Nbd7 8. Nf3 Re8 9. Ne5 Nxe5 10. Bxe5 Nd7 11. Bxg7 Kxg7 12. f4 e6 13. h4 Qf6 14. Bd3 b6 15. b4 bxc5 16. bxc5 Nxc5 17. Bb1 Nd7 18. Qc2 c5 19. h5 cxd4 20. exd4 Qxd4 21. hxg6 hxg6 22. g3 Ba6 23. a4 Qe3+ 24. Ne2 Bxe2 25. Qd2 d4 26. Qxe2 Qc3+ 27. Kf2 Qxa1 28. Qb5 Nf6 29. Qc6 Qb2+ 30. Kf3 Qc3+ 31. Qxc3 dxc3 32. Bc2 Rab8 33. Ke3 Red8 34. Rd1 Rxd1 35. Bxd1 Rb2 36. Kd3 Rd2+ 37. Kxc3 Rxd1 38. Kb4 Nd5+ 39. Ka5 g5 40. Ka6 gxf4 41. gxf4 Ra1 42. a5 Nxf4 43. Kb5 e5 44. a6 e4 45. Kc4 e3 46. Kc3 e2 47. Kc2 e1Q 48. Kb3 Qe3+ 49. Kc2 Qd3+ 50. Kb2 Rb1+ 51. Ka2 Qb3# 0-1

[Event "Kolomna op-B"]
[Site "Kolomna"]
[Date "2012.09.29"]
[Round "4"]
[White "Nikitin, Victor Alekseevich"]
[Black "Sokolov, Nikita Dm"]
[Result "1-0"]
[WhiteElo "2015"]
[BlackElo "1669"]
[PlyCount "143"]
[EventDate "2012.09.27"]
[EventType "swiss"]
[EventRounds "9"]
[EventCountry "RUS"]
[SourceTitle "EXT 2013"]
[Source "ChessBase"]
[SourceDate "2012.11.22"]
[SourceVersion "1"]
[SourceVersionDate "2012.11.22"]
[SourceQuality "1"]

1. Nf3 Nf6 2. c4 c5 3. g3 e6 4. d4 d5 5. e3 Nc6 6. Nc3 Be7 7. a3 dxc4 8. Bxc4 cxd4 9. exd4 0-0 10. 0-0 a6 11. Be2 b5 12. h3 b4 13. axb4 Nxb4 14. Be3 Nbd5 15. Bd2 Bb7 16. Qa4 Qb8 17. Kh2 Nxc3 18. bxc3 Bd6 19. Rg1 Ne4 20. Be1 e5 21. Rb1 exd4 22. Nxd4 Qc7 23. c4 Bc5 24. Qa1 Qe5 25. Rxb7 Bxd4 26. Qa2 Nxf2 27. Bxf2 Bxf2 28. Rg2 Bd4 29. Bf3 Qf6 30. Bd5 Ra7 31. Rb3 Qd6 32. Rd3 Qc5 33. Qd2 Bf6 34. Qf4 a5 35. h4 Qc7 36. Qg4 a4 37. Rf2 Ra6 38. Rdf3 Qc8 39. Qxc8 Rxc8 40. Bb7 Rca8 41. Bxa8 Rxa8 42. Ra2 Be7 43. Re3 Kf8 44. Re5 a3 45. Rb5 Rc8 46. Rc2 f6 47. Ra5 Rb8 48. Rb5 Ra8 49. Ra2 Rc8 50. Rc2 Ra8 51. Rb1 Bd6 52. Ra1 Bc5 53. Kg2 Kf7 54. Rd1 Rb8 55. Kf3 Rb3+ 56. Kf4 Rb6 57. g4 Bd6+ 58. Ke4 Be5 59. Rd7+ Kg6 60. Ra7 Bb2 61. c5 Re6+ 62. Kf3 Rc6 63. Rc4 h6 64. Ke4 Re6+ 65. Kd5 Re5+ 66. Kd6 Re1 67. h5+ Kh7 68. c6 Be5+ 69. Kd7 Rd1+ 70. Ke8 Re1 71. Kd7 Rd1+ 72. Kc8 1-0

[Event "Kolomna op-B"]
[Site "Kolomna"]
[Date "2012.09.28"]
[Round "3"]
[White "Sokolov, Nikita Dm"]
[Black "Soza, Mikhail"]
[Result "0-1"]
[WhiteElo "1669"]
[BlackElo "1733"]
[PlyCount "108"]
[EventDate "2012.09.27"]
[EventType "swiss"]
[EventRounds "9"]
[EventCountry "RUS"]
[SourceTitle "EXT 2013"]
[Source "ChessBase"]
[SourceDate "2012.11.22"]
[SourceVersion "1"]
[SourceVersionDate "2012.11.22"]
[SourceQuality "1"]

1. d4 d5 2. c4 c6 3. e3 Nf6 4. Nc3 e6 5. Nf3 Nbd7 6. cxd5 exd5 7. Bd3 Bd6 8. Qc2 0-0 9. 0-0 Re8 10. Re1 Nf8 11. e4 dxe4 12. Nxe4 Nxe4 13. Rxe4 Rxe4 14. Bxe4 Bg4 15. Be3 Bh5 16. Nd2 Bg6 17. Bxg6 Nxg6 18. Ne4 Ne7 19. Ng5 Ng6 20. h4 h6 21. h5 Nf8 22. Ne4 Ne6 23. Rd1 Nc7 24. Nc3 Qh4 25. Qe4 Qxh5 26. g4 Qh3 27. Rd3 Bh2+ 28. Kh1 Bf4+ 29. Kg1 Qxg4+ 30. Kf1 Qh3+ 31. Ke1 Bxe3 32. Rxe3 Qe6 33. Qh4 Qd7 34. Ne4 Re8 35. Kf1 Nd5 36. Rg3 Qe6 37. Nc5 Qf6 38. Qxf6 Nxf6 39. Nxb7 Rb8 40. Rb3 Nd5 41. a4 Nb6 42. Nc5 Nd7 43. Rc3 Nxc5 44. Rxc5 Rxb2 45. Rxc6 Rb4 46. Ra6 Rxd4 47. Rxa7 g6 48. a5 Ra4 49. Ra8+ Kg7 50. a6 Kf6 51. a7 h5 52. Kg2 Ra3 53. f3 Kg5 54. Kg3 f6 0-1